000 01012 a2200229 4500
999 _c1959
_d1959
020 _a0470010959 (pbk.)
050 0 0 _aHF1416
100 1 _aCraig, C. Samuel.
245 1 0 _aInternational marketing research /
_cC. Samuel Craig and Susan P. Douglas.
250 _a3rd ed.
264 _aUSA:
_bJohn Wiley and sons,
_c2005
300 _axix, 503 p. :
_bill., map ;
500 _aIncludes bibliographies and indexes.
504 _aIncludes bibliographies and indexes.
650 0 _aExport marketing
_xResearch.
700 1 _aDouglas, Susan P.
856 4 1 _3Table of contents only
_uhttp://www.loc.gov/catdir/toc/ecip056/2005001265.html
856 4 2 _3Contributor biographical information
_uhttp://www.loc.gov/catdir/enhancements/fy0621/2005001265-b.html
856 4 2 _3Publisher description
_uhttp://www.loc.gov/catdir/enhancements/fy0621/2005001265-d.html
942 _2lcc
_cBK
_h1416
_iCRA
_kHF 1416 CRA 2005